000 00841cam a22002414a 4500
001 13765530
005 20180115045853.0
008 041029s2005 njua b 001 0 eng
010 _a 2004025577
020 _a158829420X (alk. paper)
040 _aDLC
_cDLC
_dDLC
041 _aeng
042 _apcc
080 _a571.6 DAV
082 0 0 _a571.6 DAV
_222
100 _a11
101 _aBIO
245 0 0 _aReceptor binding techniques /
_cedited by Anthony P. Davenport.
504 _aIncludes bibliographical references and index.
906 _a7
_bcbc
_corignew
_d1
_eecip
_f20
_gy-gencatlg
942 _2ddc
_cBK
999 _c40251
_d40251